Teams that Harry Kane Has Played For - Statistics

General Stats
  • This quiz has been taken 704 times
    479 since last reset
  • The average score is 4 of 7
Answer Stats
Year(s) Apps Goals Team % Correct
2009-2023 317 213 Tottenham Hotspur
99%
2023- 63 62 Bayern Munich
96%
2015- 107 73 England
80%
2013 13 2 Leicester City
72%
2012-2013 3 0 Norwich City
51%
2012 22 7 Millwall
26%
2011 18 5 Leyton Orient
22%
No matching quizzes found
Score Distribution
Percent of People with Each Score
Percentile by Number Answered
Your Score History
You have not taken this quiz since the last reset